| 000 | 00575nam a22001937a 4500 | ||
|---|---|---|---|
| 003 | OSt | ||
| 005 | 20130412095758.0 | ||
| 008 | 130412s2010 sp ||||| |||| 00| 0 cat d | ||
| 020 | _a9788497663878 | ||
| 040 | _cCDMR | ||
| 100 | 1 |
_9417 _aGuillamet, Jaume |
|
| 245 | 1 | 2 |
_aL'arrencada del periodisme liberal _b: política, mercat i llengua a la premsa catalana (1833-1874) _cJaume Guillamet |
| 260 |
_aVic _bEumo _c2010 |
||
| 300 | _a350 p. | ||
| 490 | 0 |
_aReferències _v54 |
|
| 650 | 0 | 4 |
_91524 _aPremsa _xHistòria _zCatalunya |
| 650 | 0 | 4 |
_93163 _aPremsa política |
| 942 |
_2udc _cMON |
||
| 999 |
_c6085 _d6085 |
||